The hippocampus plays a role in the recognition of visual scenes presented at behaviorally relevant points in time Evidence from amnestic mild cognitive impairment (aMCI) and healthy controls /

Elmentve itt :
Bibliográfiai részletek
Szerzők: Szamosi András
Levy-Gigi Einat
Kelemen Oguz
Kéri Szabolcs
Dokumentumtípus: Cikk
Megjelent: 2013
Sorozat:CORTEX: A JOURNAL DEVOTED TO THE STUDY OF THE NERVOUS SYSTEM AND BEHAVIOR 49 No. 7
Tárgyszavak:
doi:10.1016/j.cortex.2012.11.001

mtmt:2341032
Online Access:http://publicatio.bibl.u-szeged.hu/37837
LEADER 01006nab a2200241 i 4500
001 publ37837
005 20251020154846.0
008 251020s2013 hu o 000 eng d
022 |a 0010-9452 
024 7 |a 10.1016/j.cortex.2012.11.001  |2 doi 
024 7 |a 2341032  |2 mtmt 
040 |a SZTE Publicatio Repozitórium  |b hun 
041 |a eng 
100 1 |a Szamosi András 
245 1 4 |a The hippocampus plays a role in the recognition of visual scenes presented at behaviorally relevant points in time  |h [elektronikus dokumentum] :  |b Evidence from amnestic mild cognitive impairment (aMCI) and healthy controls /  |c  Szamosi András 
260 |c 2013 
300 |a 1892-1900 
490 0 |a CORTEX: A JOURNAL DEVOTED TO THE STUDY OF THE NERVOUS SYSTEM AND BEHAVIOR  |v 49 No. 7 
650 4 |a Klinikai orvostan 
700 0 2 |a Levy-Gigi Einat  |e aut 
700 0 2 |a Kelemen Oguz  |e aut 
700 0 2 |a Kéri Szabolcs  |e aut 
856 4 0 |u http://publicatio.bibl.u-szeged.hu/37837/1/234103242.2013hippocaampus-Amnestic.pdf  |z Dokumentum-elérés